| 000 | 00937nam a22002057a 4500 | ||
|---|---|---|---|
| 003 | SISC | ||
| 005 | 20170927111053.0 | ||
| 008 | 170927b xxu||||| |||| 00| 0 eng d | ||
| 020 | _a9780545912723 | ||
| 050 |
_aPZ 7 _b.Se349 2016 |
||
| 100 |
_aSedgwick, Chantele _eAuthor |
||
| 245 |
_aLove, Lucas / _cChantele Sedgwick |
||
| 260 |
_aNew York : _bScholastic, Inc., _c2015. |
||
| 300 |
_a269 pages ; _c21 cm. |
||
| 520 | _a"Grieving for her brother Lucas, Oakley agrees to spend a few months with her mother at a beach house, where a notebook of letters from Lucas challenges her to again enjoy life, but a budding romance reminds her of the chances Lucas will never have." (Source: WorldCat) | ||
| 650 |
_2Library of Congress Subject Headings _aGrief _xFiction |
||
| 650 |
_2Library of Congress Subject Headings _aBrothers and sisters _xFiction |
||
| 650 |
_2Library of Congress Subject Headings _aLetters _vFiction |
||
| 942 |
_2lcc _cBK |
||
| 999 |
_c344413 _d344413 |
||